10 States: Museums Quiz Stats

 Plays Quiz not verified by Sporcle

Support Sporcle.
Go Orange.
Score 0/10 Timer 02:00
0 Plays Today
% Correct
Michigan
83.4%
New York
81.9%
Pennsylvania
65.8%
Hawaii
60.1%
California
56.8%
Texas
56.2%
Illinois
49.4%
South Dakota
47.9%
Mass.
41.8%
Arizona
36.6%

You're not logged in!

Compare scores with friends on all Sporcle quizzes.
OR
Log In

From the Vault

Science Sorting Gallery

by khands

Anything is possible when you combine science with shooting. Anything.
Remove Ads.
Support Sporcle.
Get the best of Sporcle when you Go Orange. This ad-free experience offers more features, more stats, and more fun while also helping to support Sporcle. Thank you for becoming a member.

Show Comments

Extras

Top Quizzes Today


Score Distribution

Your Account Isn't Verified!

In order to create a playlist on Sporcle, you need to verify the email address you used during registration. Go to your Sporcle Settings to finish the process.

Report this User

Report this user for behavior that violates our Community Guidelines.

Details: